书目信息 |
| 题名: |
玩转电商系统
|
|
| 作者: | 韩军 编著 | |
| 分册: | ||
| 出版信息: | 北京 电子工业出版社 2014.10 |
|
| 页数: | 191页 | |
| 开本: | 24cm | |
| 丛书名: | ||
| 单 册: | ||
| 中图分类: | F393 , TP393 , F713.361.1 | |
| 科图分类: | ||
| 主题词: | 计算机网络 , 计算机应用 , 商业经济--国内 | |
| 电子资源: | ||
| ISBN: | 978-7-121-24432-2 | |
| 000 | 01064nam0 2200301 450 | |
| 001 | 105 | |
| 001 | 01CN10881146@CSLN | |
| 005 | 20161111082643.68 | |
| 010 | @a978-7-121-24432-2@dCNY39.00 | |
| 100 | @a20141124d2014 em y0chiy50 ea | |
| 101 | 0 | @achi |
| 102 | @aCN@b110000 | |
| 105 | @aa z 000yy | |
| 200 | 1 | @a玩转电商系统@9wan zhuan dian shang xi tong@e深入剖析智慧电商平台@f韩军编著 |
| 210 | @a北京@c电子工业出版社@d2014.10 | |
| 215 | @a191页@c图@d24cm | |
| 300 | @a博文视点 | |
| 330 | @a本书通过大量的案例,介绍了如何搭建电子商务系统。书中对于精准化营销、供应链、移动电商、020等电商热门领域有深入的分析,帮助电商从业者或对电商有兴趣的人士,快速而全面地对电子商务系统有一个全局的认识。 | |
| 517 | 1 | @a深入剖析智慧电商平台@9shen ru pou xi zhi hui dian shang ping tai |
| 606 | 0 | @a计算机网络 |
| 606 | 0 | @a计算机应用 |
| 606 | 0 | @a商业经济@x国内 |
| 690 | @aF393@v5 | |
| 690 | @aTP393@v4 | |
| 690 | @aF713.361.1@v4 | |
| 701 | 0 | @a韩军@9han jun@4编著 |
| 801 | 0 | @aCN@b大连网信软件有限公司图书馆·11@c20161111 |
| 905 | @aZUCC@dF713.361.1@e867 | |
| 玩转电商系统:深入剖析智慧电商平台/韩军编著.-北京:电子工业出版社,2014.10 |
| 191页:图;24cm |
| 博文视点 |
| ISBN 978-7-121-24432-2:CNY39.00 |
| 本书通过大量的案例,介绍了如何搭建电子商务系统。书中对于精准化营销、供应链、移动电商、020等电商热门领域有深入的分析,帮助电商从业者或对电商有兴趣的人士,快速而全面地对电子商务系统有一个全局的认识。 |
| ● |
| 相关链接 |
|
|
|
|
正题名:玩转电商系统
索取号:F713.361.1/867
 
预约/预借
| 序号 | 登录号 | 条形码 | 馆藏地/架位号 | 状态 | 备注 |
| 1 | 908832 | 209088324 | 第一样本阅览室/ [索取号:F713.361.1/867] | 在馆 | |
| 2 | 908833 | 209088333 | 第一借阅区/ [索取号:F713.361.1/867] | 在馆 | |
| 3 | 908834 | 209088342 | 第一借阅区/ [索取号:F713.361.1/867] | 在馆 | |
| 4 | 908835 | 209088351 | 第一借阅区/ [索取号:F713.361.1/867] | 在馆 | |
| 5 | 908836 | 209088360 | 第一借阅区/ [索取号:F713.361.1/867] | 在馆 |